01305nas a2200325 4500001001000000003000900010005001700019007000300036008003400039040005400073041000900127072000800136100001700144100001700161245016900178246016700347650002100514650001000535650002100545650001700566650001300583650002000596650000900616650001500625773011000640909004000750942001800790999001900808952015200827BR8300649BR-BrBNA20231205085430.0ta230509b bl.|||p| |||| 00| 00por d aBR-BrBNAbporcBiblioteca Nacional de Agricultura a(Pt) aF251 aErnani, P.R.1 aGianello, C.1 aEfeito imediato e residual de materiais organicos, adubo mineral e calcario no rendimento vegetal [aveia forrageira, Avena strigosa, milho, Zea mays]bParte de tese1 aImmediate and residual effect of organic materials, mineral fertilizers and lime on crop production [forage oats, Avena strigosa, maize, Zea mays]bPart of thesis aAVEIA FORRAGEIRA aMILHO aMATERIA ORGANICA aFERTILIZANTE aCALCARIO aEFEITO RESIDUAL aSOLO aRENDIMENTO0 tRevista Brasileira de Ciencia do Solo (Brazil)xISSN 0100-0683g(May 1982), v. 6(2) p. 119-124wBR8300649 a202311bLúciac55dLúcia Elande 2AGRISn0cANA c111409d111409 002AGRIS4071a41918b41918cPeriódicos Agrícolash(May 1982), v. 6(2) p. 119-124l0r2023-11-29t01yCRePortaria Interministerial nº 164/94